| 000 | 00463nam a2200121Ia 4500 | ||
|---|---|---|---|
| 008 | 220615s9999||||xx |||||||||||||| ||und|| | ||
| 100 | _aTatum, Dillon | ||
| 245 | 0 |
_aLiberalism and Transformation _bThe Global Politics of Violence and Intervention |
|
| 546 | _aEnglish[eng] | ||
| 650 | _aPolitical Science;International Relations;History;emancipatory liberalism | ||
| 856 | _uhttps://library.oapen.org/bitstream/20.500.12657/50291/1/9780472902491.pdf | ||
| 942 | _cEB | ||
| 999 |
_c16731 _d16731 |
||